Том X: Вибрация судов; Собрание трудов

Bibliographische Detailangaben
Parent link:Собрание трудов: [в 12-ти тт]/ А. Н. Крылов; Академия наук СССР (АН СССР) ; отв. ред. акад. В. И. Смирнов и Ю. А. Шиманский ; доктор в.м.н. В. А. Снежинский. Том X: Вибрация судов.— , 1936-1956
Sprache:Russisch
Veröffentlicht: 1948
Schlagworte:
Format: MixedMaterials Buch
KOHA link:https://koha.lib.tpu.ru/cgi-bin/koha/opac-detail.pl?biblionumber=218109

MARC

LEADER 00000nam2a2200000 4500
001 218109
005 20231031194752.0
010 |b 4000 экз. 
035 |a (RuTPU)RU\TPU\book\238118 
035 |a RU\TPU\book\238117 
090 |a 218109 
100 |a 20120614d1948 k y0rusy50 ca 
101 0 |a rus 
102 |a RU 
105 |a af z 001zy 
200 0 |a Том X: Вибрация судов 
210 |d 1948 
215 |a 398 с.  |c ил. 
461 1 |0 (RuTPU)RU\TPU\book\235962  |t Собрание трудов  |o [в 12-ти тт]  |f А. Н. Крылов  |g Академия наук СССР (АН СССР) ; отв. ред. акад. В. И. Смирнов и Ю. А. Шиманский ; доктор в.м.н. В. А. Снежинский  |v Том X: Вибрация судов  |d 1936-1956 
610 1 |a математика 
610 1 |a кораблестроение 
610 1 |a прикладная механика 
675 |a 621.01:531  |v 3 
801 1 |a RU  |b 63413507  |c 20120518 
801 2 |a RU  |b 63413507  |c 20120614  |g RCR 
942 |c BK